Pre-Raphaelite Brotherhood members - Statistics

General Stats
  • This quiz has been taken 15 times
  • The average score is 4 of 7
Answer Stats
Members % Correct
3 Dante Gabriel Rossetti
100%
4 William Micheal Rossetti
100%
2 John Everett Millais
50%
1 William Holman Hunt
50%
6 Frederic John Stephens
25%
5 James Collinson
25%
7 Thomas Woolner
25%
No matching quizzes found
Score Distribution
Percent of People with Each Score
Percentile by Number Answered
Your Score History
You have not taken this quiz